000 00583nam a2200241 a 4500
001 nice12345678
003 IN_TiNIC
005 20260116011644.0
008 050524s1935 pesa grp 000 0 per
020 _a
_c100
082 0 0 _a297.86
_bFAR
100 _aFarooqi, Mohd Yusuf
245 _aAhmad-E-Maood
260 _aPeshawar
_bAnjuman-E-Ahmadiyya
_c1935
300 _a16p
500 _aincludes index and biblioraphy
505 2 _aHand Written Manuscript
650 _aAhmadiyyah
700 1 _aFarooqi, Mohd Yusuf
902 _bSRS
942 _cBK
999 _c3178
_d3178